STICKY TEACHING AND LEARNING (Record no. 216506)
[ view plain ]
| 000 -LEADER | |
|---|---|
| fixed length control field | 00519nam a22001697a 4500 |
| 008 - FIXED-LENGTH DATA ELEMENTS--GENERAL INFORMATION | |
| fixed length control field | 260202b |||||||| |||| 00| 0 eng d |
| 020 ## - INTERNATIONAL STANDARD BOOK NUMBER | |
| International Standard Book Number | 978-178583535-3 |
| 050 ## - LIBRARY OF CONGRESS CALL NUMBER | |
| Classification number | LB 1025.3 .B 46 2021 |
| Item number | 1 |
| 100 ## - MAIN ENTRY--PERSONAL NAME | |
| Personal name | DAVIES, CAROLINE BENTLEY |
| 245 ## - TITLE STATEMENT | |
| Title | STICKY TEACHING AND LEARNING |
| 260 ## - PUBLICATION, DISTRIBUTION, ETC. | |
| Place of publication, distribution, etc. | WALES, |
| Name of publisher, distributor, etc. | CROWN HOUSE PUBLISHING LIMITED, |
| Date of publication, distribution, etc. | 2021. |
| 300 ## - PHYSICAL DESCRIPTION | |
| Extent | IX, 166 P: ILL |
| 500 ## - GENERAL NOTE | |
| General note | INCLUDES BIBLIOGRAPHICAL REFERENCES |
| 650 ## - SUBJECT ADDED ENTRY | |
| Topical term or geographic name entry element | TEACHING, LEARNING , PSYCHOLOGY OF |
| 942 ## - ADDED ENTRY ELEMENTS (KOHA) | |
| Source of classification or shelving scheme | Library of Congress Classification |
| Koha item type | Long Loan Book |
| Withdrawn status | Lost status | Source of classification or shelving scheme | Damaged status | Not for loan | Collection | Home library | Current library | Shelving location | Date acquired | Inventory number | Total checkouts | Full call number | Barcode | Date last seen | Copy number | Price effective from | Koha item type |
|---|---|---|---|---|---|---|---|---|---|---|---|---|---|---|---|---|---|
| Library of Congress Classification | Arts & Social Sciences | Kisii University Library | Kisii University Library | On Display | 02/02/2026 | 110945 | LB 1025.3 .B 46 2021 | 000000004090 | 02/02/2026 | 1 | 02/02/2026 | Long Loan Book | |||||
| Library of Congress Classification | Arts & Social Sciences | Kisii University Library | Kisii University Library | On Display | 02/02/2026 | 110946 | LB 1025.3 .B 46 2021 | 000000004069 | 02/02/2026 | 2 | 02/02/2026 | Long Loan Book | |||||
| Library of Congress Classification | Arts & Social Sciences | Kisii University Library | Kisii University Library | On Display | 02/02/2026 | 110947 | LB 1025.3 .B 46 2021 | 000000004022 | 02/02/2026 | 3 | 02/02/2026 | Long Loan Book | |||||
| Library of Congress Classification | Arts & Social Sciences | Kisii University Library | Kisii University Library | On Display | 02/02/2026 | 110948 | LB 1025.3 .B 46 2021 | 50130 | 02/02/2026 | 4 | 02/02/2026 | Long Loan Book | |||||
| Library of Congress Classification | Arts & Social Sciences | Kisii University Library | Kisii University Library | On Display | 02/02/2026 | 110948 | LB 1025.3 .B 46 2021 | 50131 | 02/02/2026 | 5 | 02/02/2026 | Long Loan Book |